000 01855nam a2200277Ia 4500
999 _c48592
_d48592
001 15492
003 GE_BSU
005 20210712135053.0
008 181216s2014||||ge |||||||||||||| ||geo||
020 _a9789941182167
040 _cGE_BSU
041 _ageo
080 _a08.56 ა-98
245 _aახლო აღმოსავლეთი და საქართველო = The Neareast and Georgia :
_b N 8. კრებული /
_cრედაქტორი: გიორგი სანიკიძე; საქართველოს მეცნიერებათა აკადემია.
264 _aთბილისი :
_bილიას სახელმწიფო უნივერსიტეტის გამ.-ბა,
_c2014.
300 _a348 გვ;
_b24 სმ.
500 _aკრებული ეძღვნება აღმოსავლეთმცოდნეობის ინსტიტუტის დამაარსებლის აკადემიკოს გიორგი წერეთლის 110-ე წლისთავს
653 _aახლო აღმოსავლეთი და საქართველო
653 _aკრებული
653 _aაღმოსავლეთმცოდნეობა
700 _aსანიკიძე, გიორგი
_eრედაქტორი
_93936
710 _a საქართველოს მეცნიერებათა აკადემია.
_912230
710 _a გ. წერეთლის სახელობის აღმოსავლეთმცოდნეობის ინსტიტუტი
_912231
710 _aთბილისის აზიისა და აფრიკის ინსტიტუტი
_912232
942 _cBK
_2udc